<?xml version="1.0" encoding="UTF-8"?><?xml-stylesheet type="text/xsl" href="static/style.xsl"?><OAI-PMH xmlns="http://www.openarchives.org/OAI/2.0/" xmlns:xsi="http://www.w3.org/2001/XMLSchema-instance" xsi:schemaLocation="http://www.openarchives.org/OAI/2.0/ http://www.openarchives.org/OAI/2.0/OAI-PMH.xsd"><responseDate>2026-04-27T21:34:17Z</responseDate><request verb="GetRecord" identifier="oai:uvadoc.uva.es:10324/80794" metadataPrefix="marc">https://uvadoc.uva.es/oai/request</request><GetRecord><record><header><identifier>oai:uvadoc.uva.es:10324/80794</identifier><datestamp>2025-12-18T20:07:58Z</datestamp><setSpec>com_10324_38</setSpec><setSpec>col_10324_787</setSpec></header><metadata><record xmlns="http://www.loc.gov/MARC21/slim" xmlns:doc="http://www.lyncode.com/xoai" xmlns:xsi="http://www.w3.org/2001/XMLSchema-instance" xmlns:dcterms="http://purl.org/dc/terms/" xsi:schemaLocation="http://www.loc.gov/MARC21/slim http://www.loc.gov/standards/marcxml/schema/MARC21slim.xsd">
<leader>00925njm 22002777a 4500</leader>
<datafield tag="042" ind1=" " ind2=" ">
<subfield code="a">dc</subfield>
</datafield>
<datafield tag="720" ind1=" " ind2=" ">
<subfield code="a">Sobrino Tejo, Irene</subfield>
<subfield code="e">author</subfield>
</datafield>
<datafield tag="260" ind1=" " ind2=" ">
<subfield code="c">2025</subfield>
</datafield>
<datafield tag="520" ind1=" " ind2=" ">
<subfield code="a">La celebración de la fiesta del Corpus Christi desde su instauración constituyó un medio&#xd;
para fomentar la devoción popular y exaltar el sacramento de la eucaristía. Gracias a la&#xd;
Contrarreforma y el Concilio de Trento experimentó un gran impulso, que se manifestó en el&#xd;
auge de las custodias. Estas alcanzan en este momento una mayor complejidad estructural e&#xd;
iconográfica, lo cual se puede observar a partir del estudio de los programas iconográficos de&#xd;
las custodias vallisoletanas. En ellos se representa frecuentemente la devoción eucarística a&#xd;
partir tanto de pasajes del Antiguo Testamento, que constituyen prefiguraciones eucarísticas y&#xd;
cristológicas, como de otras figuras, que también adquieren un significado eucarístico y entre&#xd;
las que destaca la Virgen.</subfield>
</datafield>
<datafield tag="024" ind2=" " ind1="8">
<subfield code="a">https://uvadoc.uva.es/handle/10324/80794</subfield>
</datafield>
<datafield tag="245" ind1="0" ind2="0">
<subfield code="a">Simbología eucarística en la iconografía veterotestamentaria y mariana de custodias vallisoletanas</subfield>
</datafield>
</record></metadata></record></GetRecord></OAI-PMH>